Statistics for Earliest Empires

Click here to take the quiz!

General Stats

  • This quiz has been taken 52 times
  • The average score is 5 of 8

Answer Stats

YearAnswer% Correct
c. 1894 BCEBabylonian Empire (1st dynasty)
82%
c. 1550 BCEEgyptian Empire (New Kingdom)
82%
c. 550 BCEAchaemenid Empire
80%
c. 2025 BCEAssyrian Empire
73%
c. 2334 BCEAkkadian Empire
45%
c. 1600 BCEHittite Empire
45%
650 BCECarthaginian Empire
27%
760 BCEKushite Empire (Nubian Dynasty)
20%

Score Distribution

Percentile by Number Answered

Percent of People with Each Score

Your Score History

You have not taken this quiz